000 00478nam a2200205Ia 4500
003 OSt
005 20220923230922.0
006 a|||||r|||| 00| 0
007 ta
008 Pun
024 _a306,466
037 _cTextual
040 _aARTS
_cARTS
_bPun
041 _2Pun
_aPun
082 _aO168,1:g, 153K3
245 0 _aਮੁਕੱਦਮਾ Fਿਅਰੋ Fਾਇਰੀ
260 _c1963
942 _hO168,1:g, 153K3
_cTEXL
_2CC
999 _c388247
_d388247